000 00701nam a2200193Ii 4500
003 JO-AjNU
008 230605s9999||||xx |||||||||||||| ||und||
040 _aJO-AjNU
_bara
_erda
_cJO-AjNU
041 _aara
050 1 4 _aRC454.I8264 1990
100 3 _aالعيسوي، عبدالرحمن محمد,
_eauthor
_945732
245 0 0 _aامراض العصر -الامراض النفسية والعقلية والسكوسوماتية
264 3 1 _aالاسكندرية:دار المعرفة الجامعية ، 1990
300 _a438ص
336 _atext
_btxt
_2rdacontent
337 _aunmediated
_bn
_2rdamedia
338 _avolume
_bnc
_2rdacarrier
650 4 _aالامراض النفسية
_945733
999 _aA19845
_c23413
_d23413